GEORGE'S MARVELLOUS MEDICINE (Record no. 12370)

MARC details
000 -LEADER
fixed length control field 00263nam a22000977a 4500
008 - FIXED-LENGTH DATA ELEMENTS--GENERAL INFORMATION
fixed length control field 230714b |||||||| |||| 00| 0 eng d
020 ## - INTERNATIONAL STANDARD BOOK NUMBER
International Standard Book Number 9780141365503
100 ## - MAIN ENTRY--PERSONAL NAME
Personal name DAHL ROALD
9 (RLIN) 7629
245 ## - TITLE STATEMENT
Title GEORGE'S MARVELLOUS MEDICINE
260 ## - PUBLICATION, DISTRIBUTION, ETC. (IMPRINT)
Place of publication, distribution, etc. UK
Name of publisher, distributor, etc. PENGUIN RANDOM HOUSE
Date of publication, distribution, etc. 2016
Holdings
Withdrawn status Lost status Source of classification or shelving scheme Damaged status Koha normalized classification for sorting Not for loan Home library Current library Shelving location Date acquired Total Checkouts Full call number Barcode Date last seen Date last checked out Price effective from Koha item type
    Dewey Decimal Classification   DAH_823_000000000000000   Good Samaritan School Library Good Samaritan School Library FICTION 07/14/2023 5 DAH823 DAH17576 12/16/2024 12/11/2024 07/14/2023 BOOK

Powered by Koha